000 00386nam a2200145Ia 4500
008 231129s2003||||xx |||||||||||||| ||spa||
020 _a958-95750-2-1
040 _bspa
082 _a248.4 G172ó
100 _aGallo González Gonzalo
245 0 _aOasis: para vivir más y mejor
260 _c2003
264 _aImprelibros
942 _2ddc
_cBKS
999 _c21961
_d21961